Спорт в советском изобразительном искусстве: альбом

Podrobná bibliografie
Další autoři: Лучишкин С. А. Сергей Алексеевич (составитель)
Jazyk:ruština
Vydáno: Москва, Советский художник, 1980
Témata:
Médium: MixedMaterials Kniha
KOHA link:https://koha.lib.tpu.ru/cgi-bin/koha/opac-detail.pl?biblionumber=247534

MARC

LEADER 00000nam0a2200000 4500
001 247534
005 20231101232315.0
035 |a (RuTPU)RU\TPU\book\269089 
090 |a 247534 
100 |a 20140110d1980 m y0rusy50 ca 
101 0 |a rus 
102 |a RU 
105 |a a z 001hy 
200 1 |a Спорт в советском изобразительном искусстве   |e альбом  |f сост. С. А. Лучишкин 
210 |a Москва  |c Советский художник  |d 1980 
215 |c ил.  |a 228 с. 
320 |a Вступительная статья: с. 3 
320 |a Список иллюстраций: с.217-221 
606 1 |a Искусство  |2 stltpush  |3 (RuTPU)RU\TPU\subj\13187  |9 39838 
610 1 |a альбомы 
610 1 |a живопись 
610 1 |a скульптура 
610 1 |a спорт 
610 1 |a олимпийская символика 
610 1 |a олимпиады 
675 |a 7(084)  |v 3 
702 1 |a Лучишкин  |b С. А.  |g Сергей Алексеевич  |4 220 
801 1 |a RU  |b 63413507  |c 20140110 
801 2 |a RU  |b 63413507  |c 20210625  |g RCR 
942 |c BK